| 000 | 00812cab a2200277 4500 | ||
|---|---|---|---|
| 001 | WB3309-43 | ||
| 008 | 090401t1997 xxu||||| |||| 00| 0 eng d | ||
| 035 | _a(Sirsi) u59938 | ||
| 041 | _aeng | ||
| 245 | _aVirgin plans multimedia leisure centres | ||
| 260 | _c1997 | ||
| 350 | _a0 | ||
| 490 |
_aFinancial Times _v24 February 1997, 8(1) |
||
| 520 | _aVirgin Group is developing a blueprint for a new type of multimedia leisure centre which would incorporate a range of attractions. | ||
| 650 | _aCINEMAS | ||
| 650 | _aLEISURE ACTIVITIES | ||
| 650 | _aLEISURE CENTRES | ||
| 650 | _aMULTIMEDIA LEISURE CENTRES | ||
| 650 | _aRETAILING | ||
| 650 | _aRICHARD BRANSON | ||
| 650 | _aVIDEO GAMES | ||
| 650 | _aVIRGIN GROUP | ||
| 690 | _aLEISURE AND RECREATION | ||
| 942 | _n0 | ||
| 948 | _c04/03/1997 | ||
| 999 |
_c36881 _d36881 |
||